| 000 | 00530nam a22001697a 4500 | ||
|---|---|---|---|
| 003 | BD-DhUL | ||
| 005 | 20210920121223.0 | ||
| 008 | 190103s1945 ii ||||| |||| 00| 0 urd d | ||
| 040 |
_aBD-DhUL _cBD-DhUL |
||
| 082 |
_a891.431 _bTAS |
||
| 100 | 0 |
_aتسنیم سلیم چھتاری _d |
|
| 245 |
_aسجن چنتا / _cتسنیم سلیم چھتاری _b |
||
| 260 |
_aحیدراباد دکن : _bادارہ اشاعہ اردو، _c۱۹۴۵۔ |
||
| 300 |
_aص۔ ۱۴۴ ؛ _c۱۷ سم۔ |
||
| 650 | 4 | _aUrdu poetry | |
| 942 |
_2ddc _cBK |
||
| 999 |
_c245559 _d245559 |
||